Miami Heat 2017-18 Most Games Leading Team in Scoring - Statistics

General Stats
  • This quiz has been taken 73 times
  • The average score is 5 of 9
Answer Stats
Player Games % Correct
Dwyane Wade 3
86%
Hassan Whiteside 10
78%
Goran Dragic 28
75%
Josh Richardson 14
61%
James Johnson 6
53%
Tyler Johnson 9
52%
Kelly Olynyk 6
34%
Dion Waiters 4
33%
Wayne Ellington 7
25%
No matching quizzes found
Score Distribution
Percent of People with Each Score
Percentile by Number Answered
Your Score History
You have not taken this quiz